| 000 | 00309 a2200133 4500 | ||
|---|---|---|---|
| 001 | 74022 | ||
| 082 | _a624.176 COO | ||
| 090 |
_c39036 _d39036 |
||
| 100 | _aCook, Robert D | ||
| 245 | _aFinite Element Modeling for stress analysis | ||
| 250 | _a1 st | ||
| 260 |
_aN.Y _bJohn wiley _c1995 |
||
| 300 | _a320 | ||
| 942 |
_aNUST-CAE _k624.176 COO |
||
| 999 |
_c309095 _d309095 |
||